| 000 | 00625pam a2200217 a 4500 | ||
|---|---|---|---|
| 001 | 3839277 | ||
| 005 | 20171226081845.0 | ||
| 008 | 870212s1987 mdua b 001 0 eng | ||
| 010 | _a 87003910 | ||
| 020 | _a0801834538 (alk. paper) | ||
| 040 |
_aDLC _cDLC _dDLC |
||
| 041 | _aeng | ||
| 080 | _a616.8582 FAV | ||
| 082 | 0 | 0 |
_a616.8582 FAV _219 |
| 100 | 1 | _a48 | |
| 101 | _aPSI | ||
| 245 | 1 | 0 |
_aBodies under siege : _cArmando R. Favazza, with Barbara Favazza. |
| 504 | _aBibliography: p. 239-260. | ||
| 906 |
_a7 _bcbc _corignew _d1 _eocip _f19 _gy-gencatlg |
||
| 942 |
_2ddc _cBK |
||
| 999 |
_c39416 _d39416 |
||